[Event "Badalona op"]
[Site "Badalona"]
[Date "1993.??.??"]
[Round "9"]
[White "Thiel, Thomas"]
[Black "Llanos, Guillermo"]
[Result "1-0"]
[WhiteElo "2320"]
[BlackElo "2405"]

1.e4 c5 2.Nf3 d6 3.d4 cxd4 4.Nxd4 Nf6 5.Nc3 Nc6 6.Bg5 e6 7.Bb5 Bd7 8.Bxc6 bxc6
9.Qf3 Qb6 10.O-O-O Be7 11.Nb3 Qc7 12.e5 dxe5 13.Bxf6 gxf6 14.Nb5 Qb8 15.Rxd7 Qxb5
16.Rhd1 f5 17.Qe3 Bf6 18.Qh6 Be7 19.Qe3 a5 20.a4 Qxa4 21.Qxe5 Bg5+ 22.Kb1 O-O
23.Nd4 Rfe8 24.Qg3 h6 25.f4 Rad8 26.Ne2 Rxd7 27.Rxd7 Qe4 28.Rd2 f6 29.h4 Qb4
30.hxg5 fxg5 31.fxg5 h5 32.Qd6  1-0

[Event "Oberliga Baden9293"]
[Site "Baden"]
[Date "1993.??.??"]
[Round "?"]
[White "Schmidt Schaeffer, Sebastian"]
[Black "Weindl, Alfred"]
[Result "1/2-1/2"]
[WhiteElo "2275"]
[BlackElo "2350"]

1.e4 c5 2.Nf3 Nc6 3.d4 cxd4 4.Nxd4 Nf6 5.Nc3 d6 6.Bg5 Bd7 7.g3 e6 8.Bg2 Be7
9.O-O O-O 10.Qd2 Nxd4 11.Qxd4 Bc6 12.a4 Qa5 13.Bd2 Qe5 14.Qd3 Rfd8 15.Rfe1 Qh5
16.Qe2 Qxe2 17.Rxe2 d5 18.Bg5 d4 19.Nd1 h6 20.Bxf6 gxf6 21.Rd2 Rac8 22.b3 b6
23.Nb2 Bb4 24.Rdd1 Bc3 25.Rab1 Bxb2 26.Rxb2 Bb7 27.Rd2 Rc3 28.Ra2 d3 29.f3 Kg7
30.Bf1 Ba6 31.cxd3 Rxb3 32.a5 b5 33.Rab2 Ra3 34.Ra2 Rc3 35.Rac2 Rdc8 36.Rxc3 Rxc3
37.d4 Kf8 38.Rb2 Rxf3 39.Bxb5 Bxb5 40.Rxb5 Rd3 41.Rb4 Rd2 42.a6 Kg7 43.d5 exd5
44.exd5 Rxd5 45.Rb7 Ra5 46.Rxa7 Ra2 47.Ra8 f5 48.a7 Kh7 49.Kf1 Kg7 50.Ke1 Kh7
51.Kd1 Kg7 52.Kc1 Kh7 53.Kb1 Ra6 54.Kb2 Kg7 55.Kc3 Ra1 56.Kd4 Ra5 57.Kc4 Ra1
58.Kc5 Ra2 59.Kb6 Rb2+ 60.Kc6 Ra2 61.Kd6 Ra5 62.h3 Ra1 63.Ke5 Ra2 64.Kxf5 Ra1  1/2-1/2

[Event "Balatonbereny op"]
[Site "Balatonbereny"]
[Date "1993.??.??"]
[Round "4"]
[White "Csoke, Adrienn"]
[Black "Gross, Stefan"]
[Result "0-1"]
[WhiteElo "2235"]
[BlackElo "2330"]

1.e4 c5 2.Nf3 d6 3.d4 cxd4 4.Nxd4 Nf6 5.Nc3 Nc6 6.Bg5 Qb6 7.Nb3 e6 8.Qd2 a6
9.O-O-O Be7 10.f4 Qc7 11.Be2 O-O 12.g4 b5 13.Bxf6 gxf6 14.f5 Kh8 15.Qh6 Rg8
16.Rd3 Qd8 17.Rh3 Rg7 18.Rf1 Qg8 19.Rg3 b4 20.Nd1 a5 21.Nf2 a4 22.Nd2 Nd4
23.Bd1 Ba6 24.Rfg1 Be2 25.Qe3 Bxd1 26.Qxd4 Be2 27.Qxb4 Qd8 28.Qd4 a3 29.b3 Rc8
30.Re1 Ba6 31.Rc3 Rxc3 32.Qxc3 Qb6 33.Qe3 Qc7 34.c4 Rg8 35.h3 Bd8 36.Nd3 Qa5
37.Nf4 Bb6 38.Qf3 Qe5 39.Kd1 Qb2 40.fxe6 Ba5 41.Qd3 fxe6 42.Qc2 Qa1+ 43.Ke2 Qe5
44.Rf1 d5 45.Nd3 Qd4 46.Rf4 Bxd2 47.Qxd2 dxc4 48.bxc4 Bxc4 49.Qe3 Qb2+ 50.Kf3 Bxd3
51.Qxd3 Rc8  0-1

[Event "Balatonbereny op"]
[Site "Balatonbereny"]
[Date "1993.??.??"]
[Round "4"]
[White "Tolnai, Tibor"]
[Black "Lugovoi, Aleksei"]
[Result "1/2-1/2"]
[WhiteElo "2490"]
[BlackElo "2390"]

1.e4 c5 2.Nf3 d6 3.d4 cxd4 4.Nxd4 Nf6 5.Nc3 Nc6 6.Bg5 e6 7.Qd3 Be7 8.O-O-O O-O
9.f4 h6 10.h4 Nxd4 11.Qxd4 hxg5 12.hxg5 Ng4 13.Be2 e5 14.Qg1 exf4 15.Bxg4 Bxg5
16.Bxc8 Rxc8 17.Nd5 Re8 18.Qd4 Re5 19.Kb1 Qe8 20.Rh5 f6 21.Rdh1 Kf7 22.Qd1 Qa4
23.Re1 Rxe4 24.Rhh1 Bh6 25.b3 Qe8 26.Rxe4 Qxe4 27.Re1 Qxg2 28.Qh5+ Kf8 29.Qf5 Re8
30.Rxe8+ Kxe8 31.Qc8+ Kf7 32.Qxb7+ Kf8 33.Qc8+ Kf7  1/2-1/2

[Event "Balatonbereny op"]
[Site "Balatonbereny"]
[Date "1993.??.??"]
[Round "8"]
[White "Videki, Sandor"]
[Black "Sziebert, Adam"]
[Result "1-0"]
[WhiteElo "2385"]
[BlackElo "2285"]

1.e4 c5 2.Nf3 d6 3.d4 cxd4 4.Nxd4 Nf6 5.Nc3 Nc6 6.Bg5 e6 7.Qd2 a6 8.O-O-O h6
9.Bf4 Bd7 10.Nxc6 Bxc6 11.Qe1 Qa5 12.f3 Rd8 13.Bd3 Be7 14.h4 b5 15.Kb1 b4
16.Ne2 Qb6 17.g4 e5 18.Bc1 d5 19.g5 dxe4 20.gxf6 exd3 21.fxe7 dxc2+ 22.Kxc2 b3+
23.axb3 Rc8 24.Rd8+ Kxe7 25.Rxc8 Rxc8 26.Nc3 Bxf3 27.Rg1 Qe6 28.Kb1 Bh5 29.Rxg7 Bg6+
30.Ka1 Qf5 31.Bxh6 Rc5 32.Rg8 Ra5+ 33.Na4 Rb5 34.Bf8+ Kf6 35.Bg7+ Ke7 36.Qc1 Qf3
37.Qc7+ Ke6 38.Qc8+  1-0

[Event "Balatonfuzfo"]
[Site "Balatonfuzfo"]
[Date "1993.??.??"]
[Round "3"]
[White "Feher, Gyula"]
[Black "Stajcic, Nikola"]
[Result "1/2-1/2"]
[WhiteElo "2385"]
[BlackElo "2270"]

1.e4 c5 2.Nf3 d6 3.d4 cxd4 4.Nxd4 Nf6 5.Nc3 Nc6 6.Bg5 e6 7.Qd2 a6 8.O-O-O h6
9.Be3 Be7 10.f4 Nxd4 11.Bxd4 b5 12.Qe3 Bb7 13.Bd3 O-O 14.h3 Nd7 15.Qg3 e5
16.fxe5 Bh4 17.Qf3 Nxe5 18.Bxe5 dxe5 19.Kb1 Qf6 20.Qxf6  1/2-1/2

[Event "Balkaniad (Men)"]
[Site "?"]
[Date "1993.??.??"]
[Round "2"]
[White "Dimitrov, Vladimir"]
[Black "Ari, Zeki"]
[Result "1-0"]
[WhiteElo "2525"]
[BlackElo "2240"]

1.e4 c5 2.Nf3 d6 3.d4 cxd4 4.Nxd4 Nf6 5.Nc3 Nc6 6.Bg5 e6 7.Qd2 a6 8.O-O-O Bd7
9.f4 b5 10.Bxf6 gxf6 11.Kb1 b4 12.Nce2 Qb6 13.g3 Be7 14.Bg2 Rc8 15.Rhf1 O-O
16.g4 a5 17.Rf3 Kh8 18.Rh3 Rg8 19.Bf3 a4 20.Nxc6 Bxc6 21.Nd4 Bb7 22.f5 e5
23.Ne2 b3 24.cxb3 axb3 25.Nc3 bxa2+ 26.Ka1 Rc4 27.Re1 d5 28.exd5 Bb4 29.Be4 Rd4
30.Qh6 Rg7 31.g5 Bxc3 32.Rxc3 Rd2 33.Bc2 Rxg5 34.Rb3 Qa6 35.Rxb7 Qxb7 36.Qxf6+ Rg7
37.Rg1  1-0

[Event "Barbera op"]
[Site "Barbera"]
[Date "1993.??.??"]
[Round "8"]
[White "Vehi Bach, Victor Manuel"]
[Black "Garcia Ilundain, David"]
[Result "1/2-1/2"]
[WhiteElo "2390"]
[BlackElo "2475"]

1.e4 c5 2.Nf3 d6 3.d4 cxd4 4.Nxd4 Nf6 5.Nc3 Nc6 6.Bg5 e6 7.Qd2 a6 8.O-O-O Bd7
9.f4 b5 10.Bxf6 gxf6 11.Nxc6 Bxc6 12.f5 h5 13.Kb1 Bh6  1/2-1/2

[Event "Oberliga Bayern9394"]
[Site "Bayern"]
[Date "1993.??.??"]
[Round "?"]
[White "Zellner, Richard"]
[Black "Vodicka, Vladimir"]
[Result "1/2-1/2"]
[WhiteElo "2200"]
[BlackElo "2355"]

1.e4 c5 2.Nf3 Nc6 3.d4 cxd4 4.Nxd4 Nf6 5.Nc3 d6 6.Bg5 Bd7 7.Qd2 Nxd4 8.Qxd4 Qa5
9.f4 Rc8 10.Be2 a6 11.Rd1 Bc6 12.O-O e5 13.Qd3 Be7 14.Qg3 h6 15.fxe5 hxg5
16.exd6 Bd8 17.e5 O-O 18.exf6 Bxf6 19.Bd3 Be5 20.Qh3 g6 21.Rxf7 Rxf7 22.Qxc8+ Kg7
23.Ne4 Bxe4 24.Bxe4 Qb6+ 25.Kh1 Qxd6 26.Qg4 Qf6 27.g3 Bxb2 28.Bd5 Rc7 29.Qe2 Be5
30.Rf1 Qd6 31.c4 b5  1/2-1/2

[Event "Oberliga Bayern9394"]
[Site "Bayern"]
[Date "1993.??.??"]
[Round "?"]
[White "Wach, Markus"]
[Black "Gross, Stefan"]
[Result "1-0"]
[WhiteElo "2345"]
[BlackElo "2330"]

1.e4 c5 2.Nf3 d6 3.d4 cxd4 4.Nxd4 Nf6 5.Nc3 Nc6 6.Bg5 Qb6 7.Nb3 e6 8.Qd2 a6
9.O-O-O Be7 10.f3 Qc7 11.h4 Rb8 12.Bxf6 gxf6 13.Qh6 b5 14.Qg7 Rf8 15.Qxh7 b4
16.Ne2 a5 17.Kb1 a4 18.Nbd4 Nxd4 19.Nxd4 Bd7 20.h5 Qc5 21.h6 Qg5 22.Qg7 Rg8
23.Qxg5 fxg5 24.h7 Rh8 25.Rh6 Kf8 26.Bc4 Kg7 27.Rdh1 Bf6 28.Ne2 Bb5 29.Bxb5 Rxb5
30.R6h5 b3 31.axb3 axb3 32.c3 Kf8 33.f4 Ke7 34.g3 Rc5 35.Nc1 gxf4 36.gxf4 Rc4
37.e5 dxe5 38.fxe5 Bg7 39.Rg1 Kf8 40.Nxb3 f5 41.Nd4 Bxe5 42.Nxe6+ Ke7 43.Ng7 Bxc3
44.Nxf5+ Kf8 45.bxc3 Rxc3 46.Rg7  1-0

[Event "JUG-chT2"]
[Site "Becici"]
[Date "1993.??.??"]
[Round "2"]
[White "Mackic, Zoran"]
[Black "Damljanovic, Branko"]
[Result "1/2-1/2"]
[WhiteElo "2345"]
[BlackElo "2550"]

1.e4 c5 2.Nf3 Nc6 3.d4 cxd4 4.Nxd4 Nf6 5.Nc3 d6 6.Bg5 e6 7.Qd2 a6 8.O-O-O Bd7
9.f4 b5 10.Bxf6 gxf6 11.Nxc6 Bxc6 12.Bd3 Qb6 13.Rhe1 O-O-O 14.Kb1 h5 15.Ne2 Kb8
16.Nc1 Be7 17.f5 e5 18.Qe2 Rd7 19.c4 b4 20.Nb3 a5 21.Nd2 h4 22.Nf1 Bf8 23.Ne3 Bh6
24.Ng4 Bg5 25.Bc2 Kc7 26.Qf3 a4 27.Rd3 Qc5 28.b3 axb3 29.Bxb3 Rdd8 30.Red1 Rhg8
31.Re1 Kd7 32.Ne3 Bxe3 33.Rdxe3 Ke7 34.R3e2 Rg5 35.Bc2 Rdg8 36.Bd3 Rg4 37.Rb2 Rf4
38.Qe2 Rgg4 39.Qc2 Qd4 40.Rd1 Bxe4 41.Bxe4 Qxe4 42.Qxe4 Rxe4 43.h3 Rd4 44.Rxd4 Rxd4
45.Rxb4 Rd1+ 46.Kc2 Rg1 47.Rb7+ Kf8 48.a4 Rxg2+ 49.Kb3 Rg3+ 50.Kb2 Rxh3 51.a5 Rh2+
52.Kb1 Rh1+ 53.Kb2 Rh2+  1/2-1/2

[Event "Beersheba"]
[Site "Beersheba"]
[Date "1993.??.??"]
[Round "5"]
[White "Tseitlin, Mark D"]
[Black "Greenfeld, Alon"]
[Result "0-1"]
[WhiteElo "2430"]
[BlackElo "2590"]

1.e4 c5 2.Nf3 d6 3.d4 cxd4 4.Nxd4 Nf6 5.Nc3 Nc6 6.Bg5 a6 7.Qd2 e6 8.O-O-O Bd7
9.f4 h6 10.Bxf6 Qxf6 11.Nf3 Qd8 12.Kb1 Qa5 13.h4 O-O-O 14.Rh3 Kb8 15.Qe1 Be7
16.Nd2 g5 17.Nc4 Qc7 18.hxg5 hxg5 19.fxg5 Rhg8 20.Rhd3 Be8 21.Qh4 b5 22.Nd2 Rxg5
23.Qh2 Rc8 24.a3 Ne5 25.Rh3 Bc6 26.Nf3 Rg7 27.Nxe5 dxe5 28.Rh7 Rxh7 29.Qxh7 Be8
30.Rd3 a5 31.Nxb5 Qxc2+ 32.Ka2 a4 33.Qh5 f6 34.Qh7 Bxb5  0-1

[Event "Benasque op"]
[Site "Benasque"]
[Date "1993.??.??"]
[Round "5"]
[White "Kleinplatz, Sam"]
[Black "Rivera, Daniel"]
[Result "0-1"]
[WhiteElo "2355"]
[BlackElo "2415"]

1.e4 c5 2.Nf3 Nc6 3.d4 cxd4 4.Nxd4 Nf6 5.Nc3 d6 6.Bg5 e6 7.Qd2 a6 8.O-O-O h6
9.Be3 Qc7 10.f3 Rb8 11.g4 Ne5 12.g5 hxg5 13.Bxg5 b5 14.Re1 Be7 15.f4 Nc4
16.Bxc4 Qxc4 17.b3 Qc7 18.Qd3 b4 19.Nd1 Bb7 20.Nf2 Rc8 21.Re2 Nh5 22.h4 Qc3
23.Re3 Qxd3 24.Nxd3 f6 25.Nxe6 fxg5 26.hxg5 Kf7 27.Nd4 a5 28.Rf1 g6 29.e5 Ba6
30.Rff3 Ng7 31.exd6 Bxd6 32.Ne5+ Kg8 33.Ng4 Rh1+ 34.Kb2 Bc5 35.Ne6 Bxe3 36.Rxe3 Nf5
37.Re5  0-1

[Event "Benidorm op"]
[Site "Benidorm"]
[Date "1993.??.??"]
[Round "8"]
[White "Oltra Caurin, Ramon"]
[Black "Cifuentes Parada, Roberto"]
[Result "0-1"]
[WhiteElo "2405"]
[BlackElo "2480"]

1.e4 c5 2.Nf3 Nc6 3.d4 cxd4 4.Nxd4 Nf6 5.Nc3 d6 6.Bg5 Bd7 7.Qd2 Rc8 8.f3 a6
9.O-O-O Nxd4 10.Qxd4 Qa5 11.h4 e5 12.Qd2 Be6 13.a3 b5 14.Kb1 Be7 15.g4 h6
16.Be3 b4 17.axb4 Qxb4 18.Nd5 Qa4 19.Rh2 Nxd5 20.exd5 Bd7 21.Bd3 Rb8 22.b3 O-O
23.Kb2 e4 24.Bxe4 Rb4 25.g5 Rfb8 26.Qc3 Rc8 27.Qe1 Rcb8 28.Rd3 f5 29.Bd2 fxe4
30.Bxb4 Qxb4 31.Qxe4 Qxe4 32.fxe4 hxg5 33.hxg5 Bxg5 34.c4 a5 35.e5 Bf4 36.Re2 Bxe5+
37.Rxe5 dxe5 38.c5 Rc8 39.Rc3 Be8 40.c6 Kf7 41.Ka3 Ke7 42.Ka4 Bf7 43.Kxa5 Bxd5
44.c7 Bxb3  0-1

[Event "Berliner Sommer"]
[Site "Berlin"]
[Date "1993.??.??"]
[Round "?"]
[White "Kovalev, Andrei"]
[Black "Lagunow, Alexander"]
[Result "1-0"]
[WhiteElo "2545"]
[BlackElo "2420"]

1.e4 c5 2.Nf3 d6 3.d4 cxd4 4.Nxd4 Nf6 5.Nc3 Nc6 6.Bg5 e6 7.Qd2 a6 8.O-O-O h6
9.Be3 Be7 10.f4 Nxd4 11.Bxd4 b5 12.Qe3 Bb7 13.Bxf6 Bxf6 14.e5 Be7 15.exd6 Bxd6
16.Ne4 Bxe4 17.Qxe4 O-O 18.Bd3 g6 19.h4 Qf6 20.Rdf1 h5 21.g4 hxg4 22.h5 Ra7
23.Kb1 Bc5 24.hxg6 fxg6 25.Qc6 Qe7 26.Rh6 Qd6 27.Rxg6+ Rg7 28.Qe4 Bd4 29.Rxg7+ Bxg7
30.Qh7+ Kf7 31.Qg6+  1-0

[Event "Berliner Sommer"]
[Site "Berlin"]
[Date "1993.??.??"]
[Round "5"]
[White "Forchert, Martin"]
[Black "Meins, Gerlef"]
[Result "1/2-1/2"]
[WhiteElo "2255"]
[BlackElo "2430"]

1.e4 c5 2.Nf3 Nc6 3.d4 cxd4 4.Nxd4 Nf6 5.Nc3 d6 6.Bg5 e6 7.Qd2 a6 8.O-O-O Bd7
9.Be2 h6 10.Bh4 Be7 11.Nb3 b5 12.Bxf6 gxf6 13.Bh5 Qb6 14.f4 b4 15.Ne2 a5
16.Nbd4 a4 17.Kb1 Na5 18.b3 Nc6 19.Rhe1 Ra5 20.f5 e5 21.Ne6 Na7 22.Qd3 Bc6
23.Qf3 Rh7 24.Bg6 axb3 25.cxb3 fxg6 26.fxg6 Rh8 27.g7 Rg8 28.Nc1 Kf7 29.Rd3 Kxe6
30.Qf5+ Kf7 31.Qh5+ Ke6 32.Qf5+ Kf7 33.Qh5+ Ke6  1/2-1/2

[Event "Bern op"]
[Site "Bern"]
[Date "1993.??.??"]
[Round "5"]
[White "Meijers, Viesturs"]
[Black "Reeh, Oliver"]
[Result "1-0"]
[WhiteElo "2380"]
[BlackElo "2435"]

1.e4 c5 2.Nf3 d6 3.d4 cxd4 4.Nxd4 Nf6 5.Nc3 Nc6 6.Bg5 e6 7.Qd2 Be7 8.Be2 O-O
9.O-O Nxd4 10.Qxd4 h6 11.Be3 Bd7 12.f3 Bc6 13.Rfd1 d5 14.exd5 exd5 15.b4 b6
16.Ba6 Re8 17.Bf2 Bd6 18.Bg3 Bxg3 19.hxg3 Qc7 20.g4 Rad8 21.Rd2 Nh7 22.Rad1 Ng5
23.Qf2 d4 24.Nb5 Bxb5 25.Bxb5 Re3 26.Rd3 Rd6 27.Qg3 Ne4 28.Qe5 Qxc2 29.fxe4 Rf6
30.R3d2 Re1+ 31.Rxe1 Qxd2 32.Qb8+ Kh7 33.Qg3 Qxb4 34.Bd3 Re6 35.Rc1 Re7 36.Kh2 Qd2
37.Rc2 Qg5 38.Rf2 g6 39.Qf4 Qxf4+ 40.Rxf4 Rc7 41.e5  1-0

[Event "Biel op"]
[Site "Biel"]
[Date "1993.??.??"]
[Round "3"]
[White "Liss, Eran"]
[Black "Tseitlin, Mark D"]
[Result "1-0"]
[WhiteElo "2405"]
[BlackElo "2430"]

1.e4 c5 2.Nf3 d6 3.d4 cxd4 4.Nxd4 Nf6 5.Nc3 Nc6 6.Bg5 e6 7.Qd2 Be7 8.O-O-O O-O
9.Nb3 a5 10.a3 h6 11.Bxf6 Bxf6 12.Qxd6 Qxd6 13.Rxd6 a4 14.Nd2 Be7 15.Rd3 Ne5
16.Rd4 Ng4 17.Be2 Nxf2 18.Rf1 Bc5 19.Rxa4 Rxa4 20.Nxa4 Be3 21.Kb1 Bd7 22.Nc3 Bxd2
23.Rxf2 Bxc3 24.bxc3 Rc8 25.Kb2 Rc5 26.c4 Bc6 27.Kc3 f6 28.Kb4 Re5 29.Bf3 Kf8
30.c5 Ke7 31.Re2 g5 32.a4 f5 33.exf5 Rxe2 34.Bxe2 exf5 35.Bf1 f4 36.Ka5 g4
37.Kb6 h5 38.a5 Kd7 39.a6 bxa6 40.g3 f3 41.Bxa6 f2 42.Bf1 Ba4 43.c3 Bc6 44.h4 Be4
45.c6+ Bxc6 46.Kc5 Ba4 47.Kd4 Kd6 48.Ke3 Ke5 49.Kxf2 Ke4 50.Bc4 Be8 51.Ke2 Ke5
52.Ke3 Bg6 53.Bg8 Be8 54.c4 Bg6 55.c5 Be8 56.Bb3 Bg6 57.c6 Kd6 58.Kf4 Kxc6
59.Kg5 Bd3 60.Bf7 Kd6 61.Kf6  1-0

[Event "Biel op"]
[Site "Biel"]
[Date "1993.??.??"]
[Round "5"]
[White "Pfrommer, Christoph"]
[Black "Grosar, Aljosa"]
[Result "1-0"]
[WhiteElo "2325"]
[BlackElo "2470"]

1.e4 c5 2.Nf3 d6 3.d4 cxd4 4.Nxd4 Nf6 5.Nc3 Nc6 6.Bg5 e6 7.Qd2 a6 8.O-O-O Bd7
9.f4 b5 10.Bxf6 gxf6 11.Nxc6 Bxc6 12.Qe1 b4 13.Nd5 a5 14.Bd3 Bg7 15.g4 h5
16.Ne3 hxg4 17.f5 Bh6 18.Kb1 Bxe3 19.Qxe3 e5 20.Rdg1 Rh3 21.Qf2 Rf3 22.Qh4 Ke7
23.Rxg4 Qh8 24.Qe1 Rg8 25.Rg3 Rfxg3 26.hxg3 Qg7 27.Rg1 Qh6 28.Qf2 Rb8 29.b3 Rb7
30.Rd1 a4 31.bxa4 Bxa4 32.Bc4 Bc6 33.Qe2 Qh8 34.Bxf7 Qa8 35.Bb3 Kd7 36.Qd2 Qb8
37.Be6+ Kc7 38.Qxd6+ Kb6 39.Bb3 Kb5 40.Ba4+ Kxa4 41.Qxc6+ Ka5 42.Rd6 Rb6
43.Qxb6+ Qxb6 44.Rxb6 Kxb6 45.c3 Kc5 46.Kc2 Kc4 47.cxb4 Kxb4 48.Kd3  1-0

[Event "Biel op"]
[Site "Biel"]
[Date "1993.??.??"]
[Round "7"]
[White "Liss, Eran"]
[Black "Gruenfeld, Yehuda"]
[Result "0-1"]
[WhiteElo "2405"]
[BlackElo "2535"]

1.e4 c5 2.Nf3 d6 3.d4 cxd4 4.Nxd4 Nf6 5.Nc3 Nc6 6.Bg5 e6 7.Qd2 a6 8.O-O-O h6
9.Be3 Bd7 10.f3 b5 11.Bd3 Ne5 12.f4 Nxd3+ 13.cxd3 Be7 14.Kb1 O-O 15.h3 b4
16.Nce2 e5 17.Nf3 Qa5 18.g4 Be6 19.b3 Rfc8 20.f5 Bd7 21.g5 hxg5 22.Bxg5 Kf8
23.Rhg1 Bb5 24.a4 Bc6 25.Kb2 Bb7 26.Bh4 Rc7 27.Qg5 Ne8 28.Qh5 Bxh4 29.Qh8+ Ke7
30.Qxh4+ f6 31.Qh8 Kd8 32.Nd2 d5 33.exd5 Qxd5 34.Nc4 Rac8 35.d4 Rxc4 36.bxc4 Qxc4
37.dxe5+ Bd5 38.Rd2 Qa2+  0-1

[Event "Biel op"]
[Site "Biel"]
[Date "1993.??.??"]
[Round "7"]
[White "Tseshkovsky, Vitaly"]
[Black "Huzman, Alexander"]
[Result "1/2-1/2"]
[WhiteElo "2495"]
[BlackElo "2520"]

1.e4 c5 2.Nf3 d6 3.d4 cxd4 4.Nxd4 Nf6 5.Nc3 Nc6 6.Bg5 e6 7.Qd2 a6 8.O-O-O h6
9.Be3 Qc7 10.f4 Bd7 11.Kb1 Be7 12.h3 b5 13.Bd3 Na5 14.Qf2 b4 15.Nce2 Nc4
16.g4 Nxe3 17.Qxe3 g5 18.e5 Nd5 19.Qe4 dxe5 20.fxe5 Qc5 21.Rhf1 Rf8 22.Rf3 a5
23.Qh7 O-O-O 24.Rxf7 Rxf7 25.Qxf7 Rf8 26.Qg6 Qb6 27.Be4 Ne3 28.Rc1 Nc4 29.Bc6 Nxe5
30.Bxd7+ Kxd7 31.Qe4 Nc4 32.Rd1 Rf1 33.Qd3 Rxd1+ 34.Qxd1 Qd6 35.Qd3 Qd5 36.a4 bxa3
37.b3 Ne5 38.Qa6 Bc5 39.Qxa5 Nc6 40.Nxc6 Qd1+ 41.Nc1 Kxc6 42.Qa4+ Kd6 43.b4 a2+
44.Kxa2 Qxc1 45.bxc5+ Kxc5 46.Qa7+ Kc6 47.Qa6+ Kc5 48.Qc8+ Kd5 49.Qd7+ Kc5
50.Qc7+ Kd5 51.Qd7+ Kc5 52.Qe7+ Kd5 53.Qb7+ Kc5 54.Qc7+  1/2-1/2

[Event "Biel op"]
[Site "Biel"]
[Date "1993.??.??"]
[Round "9"]
[White "Le Quang, Kim"]
[Black "Vydeslaver, Alik"]
[Result "1-0"]
[WhiteElo "2205"]
[BlackElo "2290"]

1.e4 c5 2.Nf3 d6 3.d4 cxd4 4.Nxd4 Nf6 5.Nc3 Nc6 6.Bg5 e6 7.Qd2 Be7 8.O-O-O O-O
9.Nb3 a5 10.a4 d5 11.Bb5 Na7 12.e5 Nd7 13.Bxe7 Qxe7 14.f4 Qb4 15.Qd4 Nb8
16.Qxb4 axb4 17.Ne2 Bd7 18.Ned4 Nbc6 19.Nc5 Nxd4 20.Nxd7 Naxb5 21.Nxf8 Rxa4
22.Nd7 Nc3 23.bxc3 bxc3 24.Kb1 Rb4+ 25.Ka2 Rb2+ 26.Ka3 Nxc2+ 27.Ka4 Ne3 28.Rb1 b5+
29.Ka5 Nc4+ 30.Ka6 c2 31.Ra1 h5 32.Nc5 Nd2 33.Rhc1 b4 34.Kb5 Nb1 35.Nd3 Nc3+
36.Ka5 Rb1 37.Nxb4 d4 38.Nxc2 Rb2 39.Nxd4 Nd5 40.Rc8+ Kh7  1-0

[Event "Bonn GSK"]
[Site "Bonn"]
[Date "1993.??.??"]
[Round "?"]
[White "Kveinys, Aloyzas"]
[Black "Roos, Thomas"]
[Result "1-0"]
[WhiteElo "2555"]
[BlackElo "2280"]

1.e4 c5 2.Nf3 d6 3.d4 cxd4 4.Nxd4 Nf6 5.Nc3 Nc6 6.Bg5 e6 7.Qd2 Be7 8.O-O-O O-O
9.Nb3 h6 10.Bxf6 Bxf6 11.Qxd6 Bxc3 12.bxc3 Qh4 13.f3 Rd8 14.Qg3 Rxd1+ 15.Kxd1 Qe7
16.e5 Qa3 17.Bd3 Qxa2 18.Re1 Qa3 19.Re4 a5 20.Rg4 Qf8 21.Qf4 a4 22.Qxh6 g6
23.Qh5 Ne7 24.Nc5 Nf5 25.Ne4 Ne3+ 26.Ke2 Nxg4 27.Qxg4 a3 28.Nf6+ Kg7 29.h4 a2
30.h5 a1=Q 31.hxg6 Qxc3 32.Nh5+ Kg8 33.Qg5 Qxd3+ 34.Kxd3 Ra3+ 35.Ke2 Qb4
36.Nf6+ Kg7 37.gxf7+  1-0

[Event "Wch U18"]
[Site "Bratislava"]
[Date "1993.??.??"]
[Round "6"]
[White "Ginzburg, Maximiliano"]
[Black "Ulfarsson, Magnus Orn"]
[Result "1/2-1/2"]
[WhiteElo "2275"]
[BlackElo "2260"]

1.e4 c5 2.Nf3 d6 3.d4 cxd4 4.Nxd4 Nf6 5.Nc3 Nc6 6.Bg5 e6 7.Qd2 a6 8.O-O-O h6
9.Be3 Nxd4 10.Bxd4 b5 11.Qe3 Bd7 12.f4 b4 13.Nb1 Be7 14.Nd2 e5 15.fxe5 Ng4
16.Qf3 dxe5 17.Bc4 O-O 18.Bg1 Nf6 19.h3 Bb5 20.Kb1 Qc7 21.Bd5 Rac8 22.Rc1 Nxd5
23.exd5 Bg5 24.Be3 Bxe3 25.Qxe3 Qd6 26.Rhd1 Qxd5 27.Nf3 Qc5 28.Qxe5 Rfe8
29.Qxc5 Rxc5 30.Nd4 Bc4 31.b3 Bd5 32.Rd2 Re3 33.Nf5 Re5 34.Nd4 h5 35.h4 g6
36.Kb2 Re4 37.g3 Re3 38.Rd3 Re4 39.c4 bxc3+ 40.Rcxc3 Rxc3 41.Kxc3 Re5 42.a4 a5
43.b4 axb4+ 44.Kxb4 g5 45.hxg5 Rxg5 46.a5 Bb7 47.Rc3 Rd5 48.Nb3 Ba6 49.Rc5 Rxc5
50.Kxc5 f5 51.Kd4 Kf7 52.Ke5 Kg6 53.Nd4 Kg5 54.Nxf5 Kg4 55.Kf6 Bd3 56.Ng7 Kxg3
57.Nxh5+ Kf3 58.Ke5 Ke3 59.Kd5 Ba6 60.Nf6 Kd3 61.Kc5 Kc3 62.Ne4+ Kb3 63.Kb6 Be2
64.Nd6 Kb4 65.Nf5 Bf1 66.Ne3 Bd3 67.Nd5+ Ka4 68.Nc7 Be2 69.Ne6 Bf1  1/2-1/2

[Event "Wch U16"]
[Site "Bratislava"]
[Date "1993.??.??"]
[Round "8"]
[White "Sirigos, Nikolaos"]
[Black "Sutovskij, Emil"]
[Result "1/2-1/2"]
[WhiteElo "2295"]
[BlackElo "2340"]

1.e4 c5 2.Nf3 d6 3.d4 cxd4 4.Nxd4 Nf6 5.Nc3 Nc6 6.Bg5 e6 7.Qd3 a6 8.O-O-O Bd7
9.Be2 Rc8 10.Nxc6 Bxc6 11.f4 Be7 12.Bf3 O-O 13.Kb1 Qc7 14.Rhe1 Rfd8 15.Qe2 h6
16.Bxf6 Bxf6 17.Rd3 b5 18.a3 Be7 19.Nd5 exd5 20.exd5 Bd7 21.Rc3 Qa5 22.Qxe7 Rxc3
23.bxc3 Re8 24.Qxd7 Rxe1+ 25.Kb2 g6 26.Qxd6 Qa4 27.f5 g5 28.g3 Qc4 29.Qxh6 Qf1
30.Qxg5+ Kf8 31.Qd8+ Kg7 32.Qg5+ Kf8 33.Qd8+  1/2-1/2

[Event "Brno"]
[Site "Brno"]
[Date "1993.??.??"]
[Round "8"]
[White "Hracek, Zbynek"]
[Black "Leko, Peter"]
[Result "1/2-1/2"]
[WhiteElo "2510"]
[BlackElo "2555"]

1.e4 c5 2.Nf3 d6 3.d4 cxd4 4.Nxd4 Nf6 5.Nc3 Nc6 6.Bg5 e6 7.Qd2 Be7 8.O-O-O O-O
9.f4 Nxd4 10.Qxd4 Qa5 11.Bc4 Bd7 12.e5 dxe5 13.fxe5 Bc6 14.Bd2 Nd7 15.Nd5 Qd8
16.Nxe7+ Qxe7 17.Rhe1 Rfd8 18.Qg4 Nf8 19.Bd3 Rxd3 20.cxd3 Qd7 21.Kb1 Qxd3+
22.Ka1 h5 23.Qxh5 Ba4 24.Bc3 Bxd1 25.Rxd1 Qe4 26.Qf3 Qxf3 27.gxf3 Kh7 28.b4 Kg6
29.a4 Kf5 30.h4 Rc8 31.Kb2 g6 32.Rd4 Rc7 33.a5 Nd7 34.Rg4 Rc8 35.Kb3 a6 36.Re4 Nb8
37.Bd2 Nc6 38.Rf4+ Kxe5 39.Rxf7 Nd4+ 40.Ka3 Rc2 41.Bg5 Kd5 42.Rxb7 Nb5+ 43.Kb3 Nd4+
44.Ka3  1/2-1/2

[Event "Bruchkoebel MT"]
[Site "Bruchkoebel"]
[Date "1993.??.??"]
[Round "5"]
[White "Zude, Arno"]
[Black "Roeberg, Frank"]
[Result "1-0"]
[WhiteElo "2465"]
[BlackElo "2355"]

1.e4 c5 2.Nf3 d6 3.d4 cxd4 4.Nxd4 Nf6 5.Nc3 Nc6 6.Bg5 e6 7.Qd2 a6 8.O-O-O h6
9.Bf4 Bd7 10.Nxc6 Bxc6 11.Qe1 Qc7 12.f3 Be7 13.g4 b5 14.h4 b4 15.Nb1 e5 16.Bg3 Rc8
17.Bd3 Bb5 18.Rh2 Bxd3 19.Rxd3 a5 20.Qd1 Nd7 21.Nd2 a4 22.Kb1 Nc5 23.Rd5 Ne6
24.Nf1 Nd4 25.Ne3 b3 26.c3 bxa2+ 27.Kxa2 Nb3 28.Nc2 O-O 29.Na3 Rb8 30.Rc2 Rfc8
31.Qd3 Qb6 32.Qd1 Na5 33.Rb5 Qa6 34.Qd5 Nb3 35.Bf2 Rxb5 36.Qxb5 Qa8 37.Nc4 Nc5
38.Nb6 Qb7 39.c4 Rb8 40.Nd5 Bf8 41.Bxc5 dxc5 42.Qxb7 Rxb7 43.Rc3 Be7 44.h5 Bg5
45.Kb1 g6 46.Ra3 Rb3 47.Kc2 gxh5 48.gxh5 Rxa3 49.bxa3 Bd8 50.Nc3 Kg7 51.Nxa4 Kf6
52.Nxc5 Be7 53.Nb7 Bxa3 54.c5 Ke7 55.Kb3 Bc1 56.Kc4 Kd7 57.Kd5 f6 58.c6+ Kc7
59.Nd6 Kd8 60.Nb5  1-0

[Event "Bucharest schev"]
[Site "Bucharest"]
[Date "1993.??.??"]
[Round "?"]
[White "Moldovan, Daniel"]
[Black "Botvinnik, Ilia"]
[Result "0-1"]
[WhiteElo "2435"]
[BlackElo "2395"]

1.e4 c5 2.Nf3 d6 3.d4 cxd4 4.Nxd4 Nf6 5.Nc3 Nc6 6.Bg5 a6 7.Qd2 e6 8.O-O-O Bd7
9.f4 h6 10.Bh4 g5 11.fxg5 Ng4 12.Nf3 hxg5 13.Bxg5 f6 14.Bf4 e5 15.Nd5 exf4
16.Nxf4 Qa5 17.Kb1 Qxd2 18.Rxd2 Bh6 19.g3 Nge5 20.Be2 Nxf3 21.Bxf3 Bxf4 22.gxf4 Rh4
23.e5 dxe5 24.fxe5 fxe5 25.Re1 O-O-O 26.Bxc6 Bxc6 27.Rxd8+ Kxd8 28.Rxe5 Rxh2
29.b3 Kd7 30.a4 Kd6 31.Re3 Rf2 32.Kb2 Kd5 33.Kc3 Bd7 34.Rd3+ Kc6 35.Kb2 Bf5
36.Rc3+ Kd6 37.Rc4 Rh2 38.Rc3 Be4 39.Rc4 Ke5 40.b4 Rh6 41.Rc5+ Kd4 42.c3+ Kd3
43.a5 Bc6 44.Rg5 Rh2+ 45.Kb3 Rh3 46.Kb2 Re3 47.Rh5 Re1 48.Rg5 Rf1 49.Rh5 Ke4
50.c4 Rf2+ 51.Kc3 Rf3+ 52.Kb2 Rf2+ 53.Kc3 Rf3+ 54.Kb2 Rf5 55.Rxf5 Kxf5 56.Kc3 Ke5  0-1

[Event "Bucharest"]
[Site "Bucharest"]
[Date "1993.??.??"]
[Round "?"]
[White "Marciano, David"]
[Black "Kiselev, Sergey"]
[Result "1/2-1/2"]
[WhiteElo "2430"]
[BlackElo "2510"]

1.e4 c5 2.Nf3 Nc6 3.d4 cxd4 4.Nxd4 Nf6 5.Nc3 d6 6.Bg5 e6 7.Qd2 a6 8.O-O-O h6
9.Be3 Be7 10.f3 Nxd4 11.Bxd4 b5 12.Kb1 Bb7 13.g4 Bc6 14.Qf2 Qc7 15.Bd3 Qb7
16.h4 e5 17.Be3 b4 18.Ne2 d5 19.g5 dxe4 20.Bc4 Nh5 21.fxe4 O-O 22.Ng3 Nxg3
23.Qxg3 Bxe4 24.gxh6 Bf6 25.Bg5 Bxh1 26.Bxf6 Qg2 27.Qxg7+ Qxg7 28.hxg7 Rfc8
29.b3 Rc6 30.Bxe5 Re8 31.Ba1 Bf3 32.Rf1 Bh5 33.a3 bxa3 34.Ka2 Re4 35.Bf6 Be2
36.Bxe2 Rxc2+ 37.Kxa3 Rexe2 38.Rd1 Rcd2 39.Rc1 Rc2 40.Rd1 Red2 41.Re1  1/2-1/2

[Event "Bucharest ENE"]
[Site "Bucharest"]
[Date "1993.??.??"]
[Round "2"]
[White "Timoshenko, Georgy"]
[Black "Nevednichy, Vladislav"]
[Result "1-0"]
[WhiteElo "2505"]
[BlackElo "2535"]

1.e4 c5 2.Nf3 d6 3.d4 Nf6 4.Nc3 cxd4 5.Nxd4 Nc6 6.Bg5 e6 7.Qd2 a6 8.O-O-O h6
9.Be3 Qc7 10.f3 Rb8 11.Kb1 Be7 12.g4 Ne5 13.h4 b5 14.Bd3 Nfd7 15.g5 Nb6 16.Qg2 h5
17.f4 Ng4 18.Bc1 g6 19.Qg3 b4 20.Nce2 e5 21.Nf3 Na4 22.b3 Nc5 23.Bb2 O-O
24.fxe5 dxe5 25.Nxe5 Bd6 26.Nxg4 Bxg4 27.e5 Be7 28.Bc4 Rbc8 29.Nf4 Bxd1 30.Rxd1 Kh7
31.Nd5 Qb7 32.Qf3 a5 33.Rf1 a4 34.Qxf7+ Rxf7 35.Rxf7+  1-0